00708 2200241 4500001002100000005001500021035002000036007000300056008003900059020001900098082000800117084001400125100001500139245010900154250001100263260003300274300003700307500001900344650002700363650003700390700001900427990002000446INLIS00000000000305320220825092502 a0010-0822000048ta220825 | | |  a978602093560-7 a173 a173 AID m0 aAida Ahmad1 aMy Dear Listen TO Me :bSolusi Islami Mengatasi Kesalahan Berkomunikasi dalam Rumah Tangga /cAida Ahmad aCet. 1 aJakarta. :bErlangga,c2017. a150 hlm :bilus. ;c14,5 x 21 cm aDaftar Pustaka aEditor, Dani Fitriyani aDesainer Sampul, Yudi Nur Riyadi0 aRisma El Jundi a15441/P/BL/2022